000 00253nam a2200109Ia 4500
005 20251222114347.0
008 251222s1900||||xx |||||||||||||| ||spa||
082 _aDVD0060/A43/2001
245 0 _aEl beso del escorpión
264 _bDreamWork
942 _cDVD
999 _c1103
_d1103